000 00462nam a22001697a 4500
005 20231110124122.0
008 231110b |||||||| |||| 00| 0 eng d
020 _a9780409015546
041 _aEnglish
082 _a346.1 FAM
100 _aClark, B
_lEnglish
245 _aFamily Law Service /
_cB Clark
260 _aDurban :
_bLexisNexis,
_c1988
300 _bxi,
_c26 cm.
650 _aLegal practice
_bLaw
942 _cBK
_6ALISON_BN_VRIES
999 _c523
_d523